000 00968cam a22002535a 4500
001 L158205
008 110927s2013 xxk f 001 0 eng d
020 _a9781907196430
035 _a(Sirsi) u158205
041 0 _aeng
050 0 4 _a692.5 $2 18
110 2 _aBuilding Cost Information Service
_91096
245 0 0 _aAlterations and refurbishment price book
_b2014
250 _a19th ed.
260 _aBCIS
_c2013
300 _a1
_fv.
_c30 cm.
520 _aIncludes nearly 5 000 fully updated materials prices, almost 12 500 built-up work items and over 600 approximate estimating prices. Contains unit rates, labour hours, material prices and waste factors, plant time, hire rates, detailed approximate estimating, preliminaries and day works, as well as a comprehensive memoranda list.
520 _aSupersedes 18th ed.
521 _aAdvanced
590 _aKA
651 4 _aUnited Kingdom
_y
690 _aBUILT ENVIRONMENT-BUILDING COSTS
942 _n0
999 _c115200
_d115200